000 00683nam a2200229 i 4500
001 C2-0114043
003 PPAK
005 20180727104517.0
008 970702s1977 my |||| ||||| | eng d
040 _aPPAK
_beng
_cPPAK
_erda
082 0 4 _a338.18
_223
090 0 0 _a338.18
_bHON
_dKK
100 1 _aHo, Nai Kin,
_eauthor
245 1 0 _aExtension strategies in agricultural development :
_bMADA'S approach
264 1 _aAlor Setar, Kedah :
_bMuda Agricultural Development Authority ,
_c1977
300 _a22 pages ;
_c27 cm
336 _2rdacontent
_atext
337 _2rdamedia
_aunmediated
338 _2rdacarrier
_avolume
650 1 0 _aAgriculture and state
942 _ddc
_cB
999 _c29025
_d29025